Matrix computations / (Record no. 20956)
[ view plain ]
| 000 -LEADER | |
|---|---|
| fixed length control field | 01717cam a2200337 i 4500 |
| 001 - CONTROL NUMBER | |
| control field | 17371416 |
| 003 - CONTROL NUMBER IDENTIFIER | |
| control field | EG-ScBUE |
| 005 - DATE AND TIME OF LATEST TRANSACTION | |
| control field | 20240923112414.0 |
| 008 - FIXED-LENGTH DATA ELEMENTS--GENERAL INFORMATION | |
| fixed length control field | 120702s2013 mdua f b 001 0 eng d |
| 020 ## - INTERNATIONAL STANDARD BOOK NUMBER | |
| International Standard Book Number | 9781421407944 (alk. paper) |
| 020 ## - INTERNATIONAL STANDARD BOOK NUMBER | |
| International Standard Book Number | 1421407949 (alk. paper) |
| 040 ## - CATALOGING SOURCE | |
| Original cataloging agency | YDXCP |
| Language of cataloging | eng |
| Description conventions | rda |
| Transcribing agency | YDXCP |
| Modifying agency | JHE |
| -- | BWX |
| -- | CDX |
| -- | MUU |
| -- | MYG |
| -- | UKMGB |
| -- | DLC |
| -- | EG-ScBUE |
| 082 04 - DEWEY DECIMAL CLASSIFICATION NUMBER | |
| Classification number | 512.9434 |
| Edition number | 22 |
| Item number | GOL |
| 100 1# - MAIN ENTRY--PERSONAL NAME | |
| Personal name | Golub, Gene H. |
| Fuller form of name | (Gene Howard), |
| Dates associated with a name | 1932-2007, |
| Relator term | author. |
| 9 (RLIN) | 38556 |
| 245 10 - TITLE STATEMENT | |
| Title | Matrix computations / |
| Statement of responsibility, etc | Gene H. Golub, Department of Computer Science, Stanford University, Charles F. Van Loan, Department of Computer Science, Cornell University. |
| 250 ## - EDITION STATEMENT | |
| Edition statement | Fourth edition. |
| 264 #1 - PUBLICATION, DISTRIBUTION, ETC. (IMPRINT) | |
| Place of publication, distribution, etc | Baltimore, Maryland : |
| Name of publisher, distributor, etc | The Johns Hopkins University Press, |
| Date of publication, distribution, etc | 2013. |
| 300 ## - PHYSICAL DESCRIPTION | |
| Extent | xxi, 756 pages : |
| Other physical details | illustrations ; |
| Dimensions | 26 cm. |
| 336 ## - CONTENT TYPE | |
| Source | rdacontent |
| Content type term | text |
| Content type code | txt |
| 337 ## - MEDIA TYPE | |
| Media type term | unmediated |
| Source | rdamedia |
| Media type code | n |
| 338 ## - CARRIER TYPE | |
| Carrier type term | volume |
| Carrier type code | nc |
| Source | rdacarrier |
| 490 0# - SERIES STATEMENT | |
| Series statement | Johns Hopkins studies in the mathematical sciences |
| 504 ## - BIBLIOGRAPHY, ETC. NOTE | |
| Bibliography, etc | Includes bibliographical references and index.<br/> |
| 505 00 - FORMATTED CONTENTS NOTE | |
| Miscellaneous information | 1. |
| Title | Matrix multiplication -- |
| Miscellaneous information | 2. |
| Title | Matrix analysis -- |
| Miscellaneous information | 3. |
| Title | General linear systems -- |
| Miscellaneous information | 4. |
| Title | Special linear systems -- |
| Miscellaneous information | 5. |
| Title | Orthogonalization and least squares -- |
| Miscellaneous information | 6. |
| Title | Modified least squares problems and methods -- |
| Miscellaneous information | 7. |
| Title | Unsymmetric eigenvalue problems -- |
| Miscellaneous information | 8. |
| Title | Symmetric eigenvalue problems -- |
| Miscellaneous information | 9. |
| Title | Functions of matrices -- |
| Miscellaneous information | 10. |
| Title | Large sparse eigenvalue problems -- |
| Miscellaneous information | 11. |
| Title | Large sparse linear system problems -- |
| Miscellaneous information | 12. |
| Title | Special topics. |
| 650 #7 - SUBJECT ADDED ENTRY--TOPICAL TERM | |
| Topical term or geographic name as entry element | Matrices |
| General subdivision | Data processing. |
| Source of heading or term | BUEsh |
| 651 ## - SUBJECT ADDED ENTRY--GEOGRAPHIC NAME | |
| Source of heading or term | BUEsh |
| 653 ## - INDEX TERM--UNCONTROLLED | |
| Resource For college | Engineering, General |
| Arrived date list | October2015 |
| 655 ## - INDEX TERM--GENRE/FORM | |
| Form subdivision | Reading book |
| 9 (RLIN) | 34232 |
| 700 1# - ADDED ENTRY--PERSONAL NAME | |
| Personal name | Van Loan, Charles F., |
| Relator term | author. |
| 942 ## - ADDED ENTRY ELEMENTS (KOHA) | |
| Source of classification or shelving scheme | Dewey Decimal Classification |
| Koha item type | Book - Borrowing |
| Withdrawn status | Lost status | Source of classification or shelving scheme | Damaged status | Not for loan | Collection code | Home library | Current library | Shelving location | Date acquired | Source of acquisition | Total Checkouts | Total Renewals | Full call number | Barcode | Date last seen | Date checked out | Price effective from | Koha item type |
|---|---|---|---|---|---|---|---|---|---|---|---|---|---|---|---|---|---|---|
| Dewey Decimal Classification | Baccah | Central Library | Central Library | First floor | 22/10/2015 | Purchase | 3 | 15 | 512.9434 GOL | 000031113 | 15/07/2025 | 02/04/2018 | 22/10/2015 | Book - Borrowing |